00358pab a2200121 454500008004000000100002100040245009600061260000900157300001500166362000800181650001800189773002900207180718b2010 xxu||||| |||| 00| 0 eng d aMettler, Suzanne aReconstituting the submerged state: The challenges of social policy reform in the Obama era c2010 ap.803-824. aSep aSocial policy aPerspectives on Politics